000 00795nam a2200253Ia 4500
003 OSt
005 20220924123517.0
006 a|||||r|||| 00| 0
007 ta
008 220923b |||||||| |||| 00| 0 urd d
020 _a8171601170 (hbk)
020 _c140.00
024 _a313624
037 _b5534/3, 06/03/2009, Modern Publishing House
_cTextual
040 _aARTS
_cARTS
_burd
041 _2urd
_aurd
082 _aO168,1M76:g(U8), P3
100 _aDurrani Sayed Akhtar
_9192990
245 0 _aNawadir-e-Iqbal Europe mein
260 _aNew Delhi
_b Anjuman Taraqqi Urdu India
_c2003
650 _aURDU POETRY
942 _hO168,1M76:g(U8), P3
_cTEXL
_2CC
999 _c416038
_d416038